000 00331nam a22001097a 4500
008 230620b xxu||||| |||| 00| 0 eng d
082 _a323
_bICJ 2005
245 _aMainstreaming Human Rights in Development
260 _aKenya
_bThe Kenyan Section of the International Commission of Jurists
_c2005
300 _a170 p
942 _2ddc
_cBK
999 _c1874
_d1874